|
|
|
|
| LEADER |
00000nam0a2200000 4500 |
| 001 |
288654 |
| 005 |
20231102000117.0 |
| 035 |
|
|
|a (RuTPU)RU\TPU\book\313133
|
| 090 |
|
|
|a 288654
|
| 100 |
|
|
|a 20150326d1984 k y0rusy50 ca
|
| 101 |
0 |
|
|a rus
|
| 102 |
|
|
|a RU
|
| 105 |
|
|
|a y z 001zy
|
| 200 |
1 |
|
|a Дифференциально-разностные уравнения и задачи математической физики
|e сборник научных трудов
|f Академия наук Украинской ССР (АН УССР), Институт математики ; под ред. А. Н. Шарковского
|
| 210 |
|
|
|a Киев
|c Изд-во ИМ АН УССР
|d 1984
|
| 215 |
|
|
|a 130 с.
|
| 320 |
|
|
|a Библиография в конце статей
|
| 606 |
|
|
|a Математическая физика
|2 stltpush
|3 (RuTPU)RU\TPU\subj\41221
|9 61028
|
| 606 |
|
|
|a Дифференциально-разностные уравнения
|x Устойчивость
|2 stltpush
|3 (RuTPU)RU\TPU\subj\9688
|9 36871
|
| 610 |
1 |
|
|a многообразия
|
| 610 |
1 |
|
|a гамильтоновы системы
|
| 610 |
1 |
|
|a разностные уравнения
|
| 610 |
1 |
|
|a интегрирование
|
| 610 |
1 |
|
|a функциональные уравнения
|
| 610 |
1 |
|
|a системы с запаздыванием
|
| 610 |
1 |
|
|a дифференциально-функциональные уравнения
|
| 675 |
|
|
|a 53:51
|v 3
|
| 675 |
|
|
|a 517.929
|v 3
|
| 702 |
|
1 |
|a Шарковский
|b А. Н.
|4 340
|
| 712 |
0 |
2 |
|a Академия наук Украинской ССР (АН УССР)
|b Институт математики
|2 stltpush
|3 (RuTPU)RU\TPU\col\11281
|
| 801 |
|
1 |
|a RU
|b 63413507
|c 20150326
|
| 801 |
|
2 |
|a RU
|b 63413507
|c 20180212
|g RCR
|
| 942 |
|
|
|c BK
|